000 00389nam a2200169Ia 4500
008 210210b1929 xxu||||| |||| 00| 0 eng d
041 _aeng
082 _a942/191
100 _aOCONNOR (J)
245 _aHistory of Ireland
260 _aLondon
_bErnest Benn Limited
_c1929
650 _aof
650 _aIreland
650 _aHistory
690 _aEuropean History
906 _a025598
999 _c151479
_d151479